Propaganda para la transformación de la Enseñanza Nacional de unitaria en graduada
Descripción Física:
16 p. ; 14 cm
MARC
| LEADER | 00000nam a2200000Ia 4500 | ||
|---|---|---|---|
| 001 | 22539 | ||
| 008 | 160829s1913 xx 000 0 cat d | ||
| 080 | |a RF-3-60 | ||
| 245 | |a Propaganda para la transformación de la Enseñanza Nacional de unitaria en graduada | ||
| 260 | |a Barcelona : |b [s.n.], |c 1913 | ||
| 300 | |a 16 p. ; |c 14 cm | ||
| 590 | |a Prové de 2900, exp. 4 | ||
| 650 | |a Pedagogia |9 35391 | ||
| 650 | |a Reforma de l'eduacació |9 47994 | ||
| 856 | 4 | |u https://media.diba.cat/diba/fitxers/arxiu/fulletons/bib_22539_1913_baixa.pdf |y Accés lliure | |
| 856 | 4 | |u https://media.diba.cat/diba/fitxers/arxiu/fulletons/bib_22539_1913_baixa.pdf |y Accés lliure | |
| 901 | |a Arxiu | ||
| 942 | |n 1 |2 udc | ||
| 952 | |0 0 |1 0 |4 0 |6 RF360 |7 1 |9 54262 |a Arxiu |b Arxiu |d 2016-12-01 |l 0 |o RF-3-60 |p 22539 |r 2016-12-01 00:00:00 |w 2016-12-01 |y ARXIU | ||
| 999 | |c 58131 |d 58131 | ||
| 900 | |a bib_22539_1913_baixa.pdf | ||